AMD CPU Code Names - Statistics

General Stats
  • This quiz has been taken 27 times
  • The average score is 5 of 8
Answer Stats
Year Code Name % Correct
2018 Zen+
100%
2017 Zen
100%
2020 Zen 3
92%
2019 Zen 2
92%
SKU Name 2 Picasso
23%
SKU Name 4 Cezanne
15%
SKU Name 1 Raven Ridge
15%
SKU Name 3 Renoir/Lucienne
12%
No matching quizzes found
Score Distribution
Percent of People with Each Score
Percentile by Number Answered
Your Score History
You have not taken this quiz